00269nam a2200097Ia 4500008004100000082001600041100001900057245006100076260002500137300000900162210430s9999 xx 000 0 und d a519.5F849 S aDavid Freedman aInternational Student Edition StatisticscDavid Freedman aLondonbNortonc1998 a578p